Pueblo, Ec-121, and mayaguez incidents (Record no. 1074417)

MARC details
000 -LEADER
fixed length control field 00815nam a2200265Ia 4500
003 - CONTROL NUMBER IDENTIFIER
control field OSt
005 - DATE AND TIME OF LATEST TRANSACTION
control field 20221006142420.0
008 - FIXED-LENGTH DATA ELEMENTS--GENERAL INFORMATION
fixed length control field 221006b |||||||| |||| 00| 0 eng d
020 ## - INTERNATIONAL STANDARD BOOK NUMBER
-- .00
037 ## - SOURCE OF ACQUISITION
Terms of availability Textual
040 ## - CATALOGING SOURCE
Original cataloging agency EASL
Transcribing agency EASL
Language of cataloging eng
041 ## - LANGUAGE CODE
Source of code eng
Language code of text/sound track or separate title eng
100 ## - MAIN ENTRY--PERSONAL NAME
Personal name SIMMONS Robert R.
9 (RLIN) 647094
245 #0 - TITLE STATEMENT
Title Pueblo, Ec-121, and mayaguez incidents
Remainder of title Some continuities and changes
260 ## - PUBLICATION, DISTRIBUTION, ETC.
Place of publication, distribution, etc. Maryland
Name of publisher, distributor, etc. School of Law
Date of publication, distribution, etc. 1978
300 ## - PHYSICAL DESCRIPTION
Extent 52p.
Dimensions cm.
490 ## - SERIES STATEMENT
Volume/sequential designation KEL
Series statement Occasional Papers/ Reprint Series In Contempory Asian Studies, No.8 - 1978 (20)
650 ## - SUBJECT ADDED ENTRY--TOPICAL TERM
Topical term or geographic name entry element KEL
942 ## - ADDED ENTRY ELEMENTS (KOHA)
Classification part V495:1973,(zD).N69, L8
Koha item type Textual
Source of classification or shelving scheme Colon Classification (CC)
Holdings
Withdrawn status Lost status Source of classification or shelving scheme Damaged status Not for loan Home library Current library Date acquired Serial Enumeration / chronology Total Checkouts Full call number Barcode Date last seen Price effective from Koha item type
          Department of East Asian Studies Library Department of East Asian Studies Library 2022-10-06 KEL   V495:1973,(zD).N69 L8 EA0556157 2022-10-06 2022-10-06 Textual
Copyright @ Delhi University Library System